| 000 | 00503nam a2200169Ia 4500 | ||
|---|---|---|---|
| 008 | 140626s9999 xx 000 0 und d | ||
| 100 | _aHancock, Julie.. | ||
| 245 |
_aMeta-analytic review of employee turnover as a predictor of firm performance / _cJulie Hancock ... [et al.]. |
||
| 260 | _cc2013. | ||
| 300 | _a39 : 3, page 573 | ||
| 440 | _aJournal of Management | ||
| 521 | _aBSBA | ||
| 650 | _aMeta-analysis. | ||
| 650 | _aOrganizational performance. | ||
| 650 | _aTurn-over. | ||
| 942 | _cSE | ||
| 999 |
_c121021 _d121021 |
||